Normal view
MARC view
Entry Personal Name
001 - CONTROL NUMBER
- control field: 250372
003 - CONTROL NUMBER IDENTIFIER
- control field: OSt
005 - DATE AND TIME OF LATEST TRANSACTION
- control field: 20260106152545.0
008 - FIXED-LENGTH DATA ELEMENTS
- fixed length control field: 260106|| aca||aabn | a|a d
040 ## - CATALOGING SOURCE
- Original cataloging agency: OSt
- Transcribing agency: OSt
100 ## - HEADING--PERSONAL NAME
- Personal name: ayyar
- Dates associated with a name: ಅಯ್ಯರ್
670 ## - SOURCE DATA FOUND
- Source citation: Work cat.: (OSt)146297: RAVINDRANATHA THAKURA 150020 ರವೀಂದ್ರನಾಥ ಠಾಕೂರ, Ravindra kathegalu-4 , 1946